000 00504nam a22001817a 4500
005 20251108170721.0
008 250721s1998 xx 000 0 ara d
082 1 4 _aط/369.463/عبا
100 1 _aالعباسي، صلاح الدين
245 1 0 _aحياة الخلاء /
264 1 _aالقاهرة :
_bدار المعارف،
_c1998.
300 _a202ص
650 1 7 _aالكشافة
650 1 7 _aالمرشدات
650 1 7 _aمنظمات الشباب
942 _2ddc
_cBK
999 _c47335
_d47335